[Event "Prague Golden Blitz op"]
[Site "Prague"]
[Date "2023.06.18"]
[Round "4"]
[White "Dolezal, Radoslav"]
[Black "Pulpan, Jakub"]
[Result "0-1"]
[WhiteElo "2366"]
[BlackElo "2484"]
[PlyCount "54"]
[EventDate "2023.06.18"]
[EventType "swiss (blitz)"]
[EventRounds "11"]
[EventCountry "CZE"]
[SourceTitle "CBM 215 Extra"]
[Source "ChessBase"]
[SourceDate "2023.09.30"]
[SourceVersion "1"]
[SourceVersionDate "2023.09.30"]
[SourceQuality "1"]

1. e4 e5 2. Nf3 Nc6 3. Bb5 Nf6 4. 0-0 Bc5 5. Nxe5 Nxe5 6. d4 Be7 7. dxe5 Nxe4 8. Qg4 Ng5 9. f4 c6 10. Bd3 d5 11. Qg3 Ne6 12. f5 Ng5 13. Nc3 h5 14. f6 gxf6 15. exf6 Bc5+ 16. Kh1 Ne6 17. Qh4 Bd7 18. Bd2 Qc7 19. Rae1 0-0-0 20. Ne2 Bd6 21. Nf4 Nc5 22. Bc1 Rdg8 23. h3 Be5 24. Re2 Qd6 25. Rf3 Bg4 26. Qf2 Bxf3 27. Qxf3 Qxf6 0-1

[Event "CZE-chT1W 2223"]
[Site "Czech Republic"]
[Date "2023.02.12"]
[Round "8.1"]
[White "Simek, Petr1111"]
[Black "Dolezal, Radoslav"]
[Result "1/2-1/2"]
[WhiteElo "2323"]
[BlackElo "2365"]
[PlyCount "60"]
[EventDate "2022.10.09"]
[EventType "team-tourn"]
[EventRounds "11"]
[EventCountry "CZE"]
[SourceTitle "CBM 213 Extra"]
[Source "ChessBase"]
[SourceDate "2023.05.31"]
[SourceVersion "1"]
[SourceVersionDate "2023.05.31"]
[SourceQuality "1"]
[WhiteTeam "Unichess Sousek"]
[BlackTeam "Pankrac"]
[WhiteTeamCountry "CZE"]
[BlackTeamCountry "CZE"]

1. d4 d5 2. c4 c6 3. Nf3 Nf6 4. Nc3 a6 5. e3 b5 6. b3 Bg4 7. a4 b4 8. Ne2 Bxf3 9. gxf3 e6 10. Bb2 Be7 11. Bg2 a5 12. Rc1 Nbd7 13. 0-0 0-0 14. Nf4 Nb6 15. cxd5 cxd5 16. Qe2 Qb8 17. Nd3 Nbd7 18. Rc6 Qb7 19. Rfc1 Rfc8 20. Qc2 Rxc6 21. Qxc6 Qxc6 22. Rxc6 Bd8 23. Nc5 Kf8 24. Bf1 Ke7 25. Nb7 Ra7 26. Nxd8 Kxd8 27. Bd3 Nb8 28. Rc5 Nbd7 29. Rc6 Nb8 30. Rc5 Nbd7 1/2-1/2

[Event "CZE-chT1W 2223"]
[Site "Czech Republic"]
[Date "2023.01.29"]
[Round "7.1"]
[White "Dolezal, Radoslav"]
[Black "Stocek, Martin"]
[Result "1-0"]
[WhiteElo "2365"]
[BlackElo "1945"]
[PlyCount "57"]
[EventDate "2022.10.09"]
[EventType "team-tourn"]
[EventRounds "11"]
[EventCountry "CZE"]
[SourceTitle "CBM 213 Extra"]
[Source "ChessBase"]
[SourceDate "2023.05.31"]
[SourceVersion "1"]
[SourceVersionDate "2023.05.31"]
[SourceQuality "1"]
[WhiteTeam "Pankrac"]
[BlackTeam "Polabiny III"]
[WhiteTeamCountry "CZE"]
[BlackTeamCountry "CZE"]

1. d4 f5 2. g3 Nf6 3. Bg2 e6 4. c4 c6 5. Nh3 d6 6. Nc3 Qc7 7. 0-0 e5 8. e4 fxe4 9. dxe5 dxe5 10. Ng5 Be7 11. Ncxe4 Bf5 12. Qf3 Bxe4 13. Nxe4 Nxe4 14. Qxe4 0-0 15. Bd2 Nd7 16. Bc3 Rae8 17. Rad1 Bf6 18. b4 Nb6 19. c5 Nd5 20. Qc4 Rd8 21. Bxd5+ cxd5 22. Rxd5 Qf7 23. Rfd1 Bg5 24. Be1 Rde8 25. Qe4 Qh5 26. Rd7 Re7 27. R1d5 Re6 28. Rxe5 Rh6 29. h4 1-0

[Event "CZE-chT1W 2122"]
[Site "Czech Republic"]
[Date "2021.11.14"]
[Round "3.4"]
[White "Dolezal, Radoslav"]
[Black "Simek, Petr1111"]
[Result "1/2-1/2"]
[WhiteElo "2377"]
[BlackElo "2298"]
[PlyCount "31"]
[EventDate "2021.10.10"]
[EventType "team-tourn"]
[EventRounds "11"]
[EventCountry "CZE"]
[SourceTitle "EXT 2023"]
[Source "ChessBase"]
[SourceDate "2022.10.05"]
[SourceVersion "1"]
[SourceVersionDate "2022.10.05"]
[SourceQuality "1"]
[WhiteTeam "Pankrac"]
[BlackTeam "Unichess"]
[WhiteTeamCountry "CZE"]
[BlackTeamCountry "CZE"]

1. d4 Nf6 2. Nf3 d5 3. Bf4 c5 4. dxc5 e6 5. e3 Bxc5 6. Nbd2 0-0 7. Bd3 Nbd7 8. 0-0 Re8 9. Ne5 Nxe5 10. Bxe5 Bd7 11. c4 Bc6 12. Nb3 Bd6 13. Bxd6 Qxd6 14. Nd4 dxc4 15. Bxc4 Bd5 16. Bxd5 1/2-1/2

[Event "CZE-chT1W 1819"]
[Site "Czech Republic"]
[Date "2019.01.06"]
[Round "5.4"]
[White "Hrabusa, Matej"]
[Black "Dolezal, Radoslav"]
[Result "1/2-1/2"]
[WhiteElo "2402"]
[BlackElo "2357"]
[PlyCount "33"]
[EventDate "2018.10.21"]
[EventType "team-tourn"]
[EventRounds "11"]
[EventCountry "CZE"]
[SourceTitle "CBM 188 Extra"]
[Source "ChessBase"]
[SourceDate "2019.02.26"]
[SourceVersion "1"]
[SourceVersionDate "2019.02.26"]
[SourceQuality "1"]
[WhiteTeam "Polabiny"]
[BlackTeam "Pankrac"]
[WhiteTeamCountry "CZE"]
[BlackTeamCountry "CZE"]

1. d4 d5 2. Bf4 c6 3. e3 Bf5 4. c4 e6 5. Nc3 Nd7 6. Qb3 Qb6 7. Nf3 Ngf6 8. c5 Qxb3 9. axb3 a6 10. b4 Rc8 11. h3 Be7 12. Nd2 Bd8 13. Nb3 Bc7 14. Na5 Bxf4 15. exf4 Rc7 16. Nd1 h5 17. h4 1/2-1/2

[Event "CZE-ch blitz"]
[Site "Prague"]
[Date "2018.12.22"]
[Round "14"]
[White "Dolezal, Radoslav"]
[Black "Babula, Vlastimil"]
[Result "0-1"]
[WhiteElo "2363"]
[BlackElo "2541"]
[PlyCount "77"]
[EventDate "2018.12.22"]
[EventType "swiss (blitz)"]
[EventRounds "15"]
[EventCountry "CZE"]
[SourceTitle "CBM 187 Extra"]
[Source "ChessBase"]
[SourceDate "2018.11.04"]
[SourceVersion "1"]
[SourceVersionDate "2018.11.04"]
[SourceQuality "1"]

1. d4 Nf6 2. Bg5 Ne4 3. Bf4 c5 4. f3 Qa5+ 5. c3 Nf6 6. d5 d6 7. e4 g6 8. Nd2 Bg7 9. Nc4 Qd8 10. a4 0-0 11. Ne2 Nh5 12. Bg5 h6 13. Bh4 Nd7 14. g4 Nhf6 15. Bg2 b6 16. b4 Nh7 17. Rc1 Ne5 18. Nxe5 Bxe5 19. Qd2 Bg7 20. 0-0 Bd7 21. Qa2 Re8 22. Rfe1 Qc7 23. Bf1 Rac8 24. Bf2 e6 25. dxe6 Bxe6 26. Qd2 Bb3 27. Be3 Ng5 28. Bg2 Bxa4 29. h4 Ne6 30. Bxh6 Qe7 31. Bxg7 Kxg7 32. g5 Rh8 33. Nf4 Rxh4 34. Nxe6+ Qxe6 35. Ra1 b5 36. Re2 Qe5 37. Rae1 cxb4 38. cxb4 Rc3 39. Rf2 0-1

[Event "CZE-chT1W 1819"]
[Site "Czech Republic"]
[Date "2018.12.09"]
[Round "4.2"]
[White "Dolezal, Radoslav"]
[Black "Vokac, Marek"]
[Result "1/2-1/2"]
[WhiteElo "2357"]
[BlackElo "2384"]
[PlyCount "58"]
[EventDate "2018.10.21"]
[EventType "team-tourn"]
[EventRounds "11"]
[EventCountry "CZE"]
[SourceTitle "CBM 187 Extra"]
[Source "ChessBase"]
[SourceDate "2018.11.04"]
[SourceVersion "1"]
[SourceVersionDate "2018.11.04"]
[SourceQuality "1"]
[WhiteTeam "Pankrac"]
[BlackTeam "Ceske Budejovice"]
[WhiteTeamCountry "CZE"]
[BlackTeamCountry "CZE"]

1. d4 g6 2. c4 Bg7 3. Nf3 c5 4. Nc3 cxd4 5. Nxd4 Nc6 6. Nxc6 bxc6 7. e4 Rb8 8. Bd3 Qa5 9. Qc2 Nf6 10. 0-0 0-0 11. Bf4 d6 12. Rac1 Ng4 13. b3 Be5 14. Qd2 Bxf4 15. Qxf4 Qe5 16. Qxe5 Nxe5 17. Bb1 c5 18. f4 Nc6 19. e5 dxe5 20. fxe5 Nd4 21. Rfe1 Bb7 22. Be4 Rfd8 23. Rcd1 Kf8 24. Kf2 Ke8 25. Bxb7 Rxb7 26. Ne4 Ne6 27. Rxd8+ Kxd8 28. Rd1+ Rd7 29. Rxd7+ Kxd7 1/2-1/2